[Event "Syre Memorial op 34th"]
[Site "Issy les Moulineaux"]
[Date "2011.06.03"]
[Round "1"]
[White "Metral, Jean Paul"]
[Black "Karim, Ismael"]
[Result "0-1"]
[WhiteElo "2039"]
[BlackElo "2389"]
[PlyCount "122"]
[EventDate "2011.06.03"]
[EventType "swiss"]
[EventRounds "6"]
[EventCountry "FRA"]
[SourceTitle "EXT 2012"]
[Source "ChessBase"]
[SourceDate "2011.11.24"]
[SourceVersion "1"]
[SourceVersionDate "2011.11.24"]
[SourceQuality "1"]

1. d4 d6 2. e4 g6 3. Nc3 Bg7 4. Be3 a6 5. Qd2 b5 6. Be2 Bb7 7. f3 Nd7 8. h4 h6 9. Nh3 e6 10. Nf2 Ne7 11. Ng4 h5 12. Nf2 c5 13. dxc5 dxc5 14. 0-0-0 Bc6 15. Nb1 Qc7 16. f4 c4 17. Bf3 a5 18. Qd6 Qb7 19. Bd4 e5 20. Bxe5 Nxe5 21. fxe5 Bh6+ 22. Nd2 Rd8 23. Qf6 0-0 24. g4 Bg7 25. Qf4 Qc7 26. gxh5 Bxe5 27. Qg4 Bd7 28. Qg2 c3 29. hxg6 cxd2+ 30. Kb1 fxg6 31. h5 g5 32. Qxg5+ Kh7 33. Qxe7+ Kh8 34. Nd3 Bf6 35. Qc5 Qg3 36. Rhf1 Bh3 37. Qg1 Qc7 38. Bg2 Be6 39. Qc5 Qxc5 40. Nxc5 Bc4 41. Nb7 Bxf1 42. Bxf1 Rd4 43. Bd3 a4 44. Nc5 Rd6 45. Bxb5 a3 46. bxa3 Bc3 47. Na4 Ba5 48. c4 Rdf6 49. Kc2 Rf3 50. Nc5 Rxa3 51. Kb2 Re3 52. Nb3 Re1 53. Rxd2 Bxd2 54. Nxd2 Rf2 55. Kc3 Rc1+ 56. Kd3 Rd1 57. a4 Rfxd2+ 58. Ke3 Kg7 59. e5 Kf7 60. c5 Ke6 61. a5 Kxe5 0-1

[Event "Paris-ch op-A"]
[Site "Paris"]
[Date "2010.07.08"]
[Round "6"]
[White "Metral, Jean Paul"]
[Black "Bellaiche, Laurent"]
[Result "1-0"]
[WhiteElo "2078"]
[BlackElo "1860"]
[PlyCount "67"]
[EventDate "2010.07.03"]
[EventType "swiss"]
[EventRounds "9"]
[EventCountry "FRA"]
[SourceTitle "CBM 137 Extra"]
[Source "ChessBase"]
[SourceDate "2010.09.01"]
[SourceVersion "1"]
[SourceVersionDate "2010.09.01"]
[SourceQuality "1"]

1. d4 f5 2. Bg5 g6 3. e4 fxe4 4. Nc3 Nf6 5. f3 exf3 6. Nxf3 Bg7 7. Qd2 b6 8. 0-0-0 Ba6 9. Bxa6 Nxa6 10. Rde1 0-0 11. Qe2 Nb4 12. Qc4+ e6 13. Qxb4 c5 14. dxc5 a5 15. Qxb6 Qc8 16. c6 Rb8 17. cxd7 Nxd7 18. Qxe6+ Kh8 19. Bd2 Qb7 20. Qb3 Qc6 21. Re6 Qc5 22. Qa4 Nb6 23. Qc6 Qb4 24. a3 Qg4 25. Ne5 Qf5 26. g4 Qf2 27. Qe4 Rfd8 28. Be3 Qf8 29. Bxb6 Rdc8 30. Nd5 Rb7 31. g5 Rcb8 32. h4 Qc8 33. h5 Qxe6 34. Nxg6+ 1-0

[Event "Paris-ch op-A"]
[Site "Paris"]
[Date "2010.07.05"]
[Round "3"]
[White "Metral, Jean Paul"]
[Black "Kazantsev, Alexander"]
[Result "0-1"]
[WhiteElo "2078"]
[BlackElo "1969"]
[PlyCount "70"]
[EventDate "2010.07.03"]
[EventType "swiss"]
[EventRounds "9"]
[EventCountry "FRA"]
[SourceTitle "CBM 137 Extra"]
[Source "ChessBase"]
[SourceDate "2010.09.01"]
[SourceVersion "1"]
[SourceVersionDate "2010.09.01"]
[SourceQuality "1"]

1. d4 d5 2. Nf3 Nf6 3. Bf4 c5 4. c3 e6 5. Bxb8 Rxb8 6. Qa4+ Bd7 7. Qb3 cxd4 8. Nxd4 e5 9. Nf3 e4 10. Nd4 e3 11. f3 Bc5 12. Qd1 Qb6 13. b3 Rc8 14. a3 Bxd4 15. cxd4 Qa5+ 16. b4 Qa4 17. Nd2 Qxd1+ 18. Rxd1 exd2+ 19. Kxd2 Ba4 20. Ra1 Rc2+ 21. Ke1 0-0 22. g3 Rfc8 23. Bh3 Rc1+ 24. Kf2 Rxh1 25. Rxh1 Rc2 26. Ra1 Bb5 27. Bf1 Rd2 28. Ke3 Rc2 29. a4 Bc4 30. h4 Nh5 31. Kf2 f5 32. Ra3 f4 33. gxf4 Nxf4 34. Re3 Kf7 35. Ke1 Ne6 0-1

[Event "Syre Memorial op 33th"]
[Site "Issy les Moulineaux"]
[Date "2010.05.15"]
[Round "3"]
[White "Durand, Victor"]
[Black "Metral, Jean Paul"]
[Result "1-0"]
[WhiteElo "1950"]
[BlackElo "2167"]
[PlyCount "73"]
[EventDate "2010.05.13"]
[EventType "swiss"]
[EventRounds "6"]
[EventCountry "FRA"]
[SourceTitle "EXT 2011"]
[Source "ChessBase"]
[SourceDate "2010.11.26"]
[SourceVersion "1"]
[SourceVersionDate "2010.11.26"]
[SourceQuality "1"]

1. e4 e6 2. d3 c5 3. Nf3 Nc6 4. g3 Be7 5. Bg2 d5 6. Nbd2 Qc7 7. 0-0 Bd7 8. Re1 h5 9. Nf1 d4 10. e5 h4 11. c3 hxg3 12. hxg3 Nh6 13. cxd4 cxd4 14. Bxh6 Rxh6 15. Rc1 Qb6 16. Qe2 f6 17. Rc4 f5 18. a3 g5 19. b4 g4 20. N3d2 Kf7 21. Nb3 a5 22. Qb2 axb4 23. axb4 Bxb4 24. Nxd4 Qa5 25. Rb1 Be7 26. Qxb7 Nxd4 27. Rxd4 Ra7 28. Rxd7 Rxb7 29. Rbxb7 Qxe5 30. Rxe7+ Kf6 31. Rf7+ Kg6 32. Rg7+ Kh5 33. Bc6 Rh8 34. Rbe7 Rc8 35. Bd7 Rb8 36. Bxe6 Kh6 37. Rh7+ 1-0

[Event "FRA-chT1B 0809"]
[Site "France"]
[Date "2009.02.08"]
[Round "7.5"]
[White "Mandon, Fabrice"]
[Black "Metral, Jean Paul"]
[Result "1-0"]
[WhiteElo "2219"]
[BlackElo "2198"]
[PlyCount "73"]
[EventDate "2008.10.19"]
[EventType "team-tourn"]
[EventRounds "11"]
[EventCountry "FRA"]
[SourceTitle "EXT 2010"]
[Source "ChessBase"]
[SourceDate "2010.11.25"]
[SourceVersion "1"]
[SourceVersionDate "2010.11.25"]
[SourceQuality "1"]
[WhiteTeam "Gonfreville"]
[BlackTeam "Club 608"]
[WhiteTeamCountry "FRA"]
[BlackTeamCountry "FRA"]

1. e4 e6 2. d4 d5 3. Nc3 Nf6 4. Bg5 Be7 5. e5 Nfd7 6. h4 a6 7. Qg4 f6 8. Bf4 Kf8 9. Nf3 f5 10. Qg3 Nb6 11. Bg5 Nc6 12. 0-0-0 Bd7 13. Qf4 h6 14. Bxe7+ Kxe7 15. h5 Be8 16. g4 Rf8 17. Bh3 Qd7 18. gxf5 exf5 19. Nh4 Bxh5 20. Nxf5+ Ke8 21. e6 Qe7 22. Rde1 Rd8 23. Qg3 Rxf5 24. Bxf5 Qf6 25. Rxh5 Ne7 26. Bd3 Rd6 27. Rhe5 g5 28. Qh2 Rc6 29. Qh5+ Kf8 30. Qf7+ Qxf7 31. exf7 Nbc8 32. Nxd5 Nxd5 33. Rxd5 Nd6 34. Bg6 Nxf7 35. Bxf7 Kxf7 36. Rd7+ Kg6 37. d5 1-0

[Event "FRA-chT1B 0809"]
[Site "France"]
[Date "2009.02.07"]
[Round "6.2"]
[White "Sandalakis, Angelos"]
[Black "Metral, Jean Paul"]
[Result "0-1"]
[WhiteElo "2372"]
[BlackElo "2198"]
[PlyCount "142"]
[EventDate "2008.10.19"]
[EventType "team-tourn"]
[EventRounds "11"]
[EventCountry "FRA"]
[SourceTitle "EXT 2010"]
[Source "ChessBase"]
[SourceDate "2010.11.25"]
[SourceVersion "1"]
[SourceVersionDate "2010.11.25"]
[SourceQuality "1"]
[WhiteTeam "Deauville"]
[BlackTeam "Club 608"]
[WhiteTeamCountry "FRA"]
[BlackTeamCountry "FRA"]

1. e4 e6 2. d4 d5 3. Nc3 Nf6 4. Bg5 Be7 5. e5 Ne4 6. Nxe4 Bxg5 7. Nxg5 Qxg5 8. Nf3 Qe7 9. Qd2 b6 10. 0-0-0 Ba6 11. h4 Bxf1 12. Rhxf1 c5 13. Qf4 Nc6 14. Kb1 c4 15. Qg5 Qf8 16. Qe3 h6 17. Ng1 g6 18. Ne2 h5 19. f3 Qe7 20. Rh1 b5 21. Rdg1 b4 22. g4 Kd7 23. Qg5 Qxg5 24. hxg5 hxg4 25. fxg4 Ke7 26. c3 a5 27. Rh6 Rxh6 28. gxh6 g5 29. Rf1 Rh8 30. Rf6 Nb8 31. cxb4 axb4 32. Ng3 Nd7 33. Rf2 Rxh6 34. Nh5 f5 35. a4 fxg4 36. Ng3 b3 37. Kc1 Rh8 38. Ne2 g3 39. Nxg3 Ra8 40. Ne2 Rxa4 41. Rg2 c3 42. Nxc3 Rxd4 43. Rxg5 Rf4 44. Nb5 Nc5 45. Rh5 Ne4 46. Rh1 Nf2 47. Rh7+ Rf7 48. Rxf7+ Kxf7 49. Kd2 Ng4 50. Kc3 Nxe5 51. Kxb3 Ke7 52. Kb4 Kd7 53. b3 Nd3+ 54. Kc3 Nc5 55. b4 Na6 56. Nd4 e5 57. Nf3 Kd6 58. Ng5 Nc7 59. Nf7+ Ke6 60. Nd8+ Ke7 61. Nb7 Kd7 62. Na5 Nb5+ 63. Kd3 Nd4 64. Nb7 Ne6 65. Na5 Kc7 66. Nb3 Kb6 67. Nc1 Nf4+ 68. Kc3 Kb5 69. Kb3 d4 70. Na2 Nd3 71. Ka3 e4 0-1

[Event "Cergy Pontoise op"]
[Site "Cergy Pontoise"]
[Date "2003.03.23"]
[Round "6"]
[White "Metral, Jean Paul"]
[Black "Tkachiev, Vladislav"]
[Result "0-1"]
[WhiteElo "2450"]
[BlackElo "2642"]
[PlyCount "50"]
[EventDate "2003.03.??"]
[EventType "swiss (rapid)"]
[EventRounds "10"]
[EventCountry "FRA"]
[SourceTitle "CBM 093 Extra"]
[Source "ChessBase"]
[SourceDate "2003.05.09"]
[SourceVersion "1"]
[SourceVersionDate "2003.05.09"]
[SourceQuality "1"]

1. e4 d6 2. d4 g6 3. Nc3 Bg7 4. Be3 c6 5. Qd2 b5 6. Be2 Nd7 7. d5 b4 8. Nd1 cxd5 9. Qxd5 Rb8 10. f3 Ngf6 11. Qd2 Qc7 12. Nh3 0-0 13. Rc1 Nc5 14. Nf4 e5 15. Nd3 Ncxe4 16. fxe4 Nxe4 17. Nxb4 Nxd2 18. Bxd2 Bb7 19. Ne3 Bh6 20. c3 d5 21. 0-0 Qc5 22. Nbc2 d4 23. cxd4 exd4 24. b4 Bxe3+ 25. Bxe3 Qe7 0-1

[Event "FRA-chT2S 0203"]
[Site "France"]
[Date "2003.??.??"]
[Round "7.5"]
[White "Metral, Jean Paul"]
[Black "Martsynovskaya, Marina"]
[Result "0-1"]
[WhiteElo "2234"]
[BlackElo "2214"]
[PlyCount "32"]
[EventDate "2002.10.??"]
[EventType "team"]
[EventRounds "11"]
[EventCountry "FRA"]
[SourceTitle "EXT 2004"]
[Source "ChessBase"]
[SourceDate "2003.11.25"]
[SourceVersion "1"]
[SourceVersionDate "2003.11.25"]
[SourceQuality "1"]
[WhiteTeam "AECE"]
[BlackTeam "Clichy II"]
[WhiteTeamCountry "FRA"]
[BlackTeamCountry "FRA"]

1. e4 e5 2. Nf3 Nc6 3. Bb5 Nd4 4. Nxd4 exd4 5. Be2 d5 6. d3 dxe4 7. dxe4 Bc5 8. Bf4 Be6 9. Qd3 a6 10. Qg3 Nf6 11. Bxc7 Nxe4 12. Qxg7 Qxc7 13. Qxh8+ Ke7 14. Qxa8 Bb4+ 15. Kf1 Qf4 16. Qxb7+ Kf6 0-1

[Event "FRA-ch op FIDE"]
[Site "Paris"]
[Date "1994.??.??"]
[Round "9"]
[White "El Homsy, Iskandar"]
[Black "Metral, Jean Paul"]
[Result "0-1"]
[WhiteElo "2170"]
[BlackElo "2295"]
[PlyCount "80"]
[EventDate "1994.??.??"]
[EventType "swiss"]
[EventRounds "9"]
[EventCountry "FRA"]
[SourceTitle "EXT 1998"]
[Source "ChessBase"]
[SourceDate "1997.11.17"]
[SourceVersion "1"]
[SourceVersionDate "1997.11.17"]
[SourceQuality "1"]

1. d4 Nf6 2. c4 c5 3. d5 b5 4. cxb5 a6 5. e3 g6 6. Nc3 Bg7 7. a4 0-0 8. Ra3 d6 9. Bd2 e6 10. dxe6 fxe6 11. Nf3 d5 12. bxa6 Nbd7 13. Bb5 Qc7 14. h3 Kh8 15. 0-0 e5 16. e4 d4 17. Nd5 Nxd5 18. exd5 Nf6 19. Qe1 e4 20. Ng5 Qe5 21. Ne6 Bxe6 22. dxe6 Qxe6 23. Qe2 Qd5 24. Qc4 Qd6 25. Rc1 Rfc8 26. b4 Bf8 27. Rb3 Qe5 28. a7 Rc7 29. Ba6 Bd6 30. g3 e3 31. Bxe3 dxe3 32. Rxe3 Qb2 33. b5 Rcxa7 34. Rd1 Bf8 35. Re6 Nd7 36. Qe4 c4 37. Rxd7 Rxd7 38. Qxa8 Rf7 39. Bb7 Qxf2+ 40. Kh1 Qf5 0-1

[Event "FRA-ch Fide"]
[Site "Nantes"]
[Date "1993.08.24"]
[Round "7"]
[White "Parmentier, Xavier"]
[Black "Metral, Jean Paul"]
[Result "1/2-1/2"]
[WhiteElo "2225"]
[BlackElo "2300"]
[PlyCount "85"]
[EventDate "1993.08.??"]
[EventType "swiss"]
[EventRounds "11"]
[EventCountry "FRA"]
[SourceTitle "EXT 2004"]
[Source "ChessBase"]
[SourceDate "2003.11.25"]
[SourceVersion "1"]
[SourceVersionDate "2003.11.25"]
[SourceQuality "1"]

1. e4 e6 2. d4 d5 3. Nd2 Nf6 4. e5 Nfd7 5. f4 c5 6. c3 Nc6 7. Ndf3 Qb6 8. g3 cxd4 9. cxd4 Bb4+ 10. Kf2 f6 11. Kg2 0-0 12. Bd3 g6 13. Ne2 fxe5 14. fxe5 Rxf3 15. Kxf3 Nxd4+ 16. Kg2 Nc6 17. Nf4 Ndxe5 18. h4 Qd4 19. Qe2 Nxd3 20. Qxd3 Bd7 21. Qxd4 Nxd4 22. Nd3 Bd6 23. Bf4 Bxf4 24. gxf4 Rf8 25. a4 Bc6 26. Rh3 Nc2 27. Rc1 d4+ 28. Kf2 Ne3 29. Rxe3 dxe3+ 30. Kxe3 Rf5 31. Ne5 Bd5 32. Rc7 a6 33. b4 Bg2 34. a5 Bd5 35. Rd7 Rf8 36. Ng4 Bc6 37. Re7 Bd5 38. Nh6+ Kh8 39. Nf7+ Kg7 40. Nd6+ Kg8 41. Nxb7 Rb8 42. Nc5 Rxb4 43. Ra7 1/2-1/2

[Event "FRA"]
[Site "France"]
[Date "1993.??.??"]
[Round "?"]
[White "Metral, Jean Paul"]
[Black "Marchand, Francois"]
[Result "1-0"]
[WhiteElo "2295"]
[BlackElo "2290"]
[PlyCount "107"]
[EventDate "1993.??.??"]
[EventType "team"]
[EventRounds "11"]
[EventCountry "FRA"]
[SourceTitle "TD"]
[Source "ChessBase"]
[SourceDate "1994.03.01"]
[SourceVersion "1"]
[SourceVersionDate "1994.03.01"]
[SourceQuality "1"]

1. e4 c5 2. Nf3 Nc6 3. d4 cxd4 4. Nxd4 Qb6 5. Nf3 Nf6 6. Bd3 d6 7. h3 e6 8. 0-0 Be7 9. a3 a6 10. b4 0-0 11. Bb2 Qc7 12. c4 b6 13. Nc3 Bb7 14. Rc1 Na7 15. Qe2 Rac8 16. Nh2 Qb8 17. f4 Nc6 18. Na4 Nd7 19. Ng4 e5 20. Nh6+ Kh8 21. Nf5 Bf6 22. Qg4 Rcd8 23. g3 Ba8 24. Nc3 exf4 25. gxf4 Nd4 26. Nd5 Bxd5 27. cxd5 b5 28. Nxd4 Qb6 29. e5 dxe5 30. fxe5 Nxe5 31. Rxf6 Qxf6 32. Qf5 Nxd3 33. Qxd3 Rxd5 34. Qf3 Qxf3 35. Nxf3 Rd3 36. Kf2 Rfd8 37. Rc7 h6 38. Bc3 R3d7 39. Rc5 Kg8 40. Nh4 Rd5 41. Nf5 Rxc5 42. bxc5 Kf8 43. Bxg7+ Ke8 44. c6 Rd2+ 45. Ke3 Rc2 46. Nd4 Rc3+ 47. Ke4 Rxh3 48. Nf5 Rxa3 49. Bf6 Ra2 50. Nd6+ Kf8 51. Bc3 Re2+ 52. Kd5 Rc2 53. Ne4 Ke8 54. Kd6 1-0

[Event "FRA"]
[Site "France"]
[Date "1993.??.??"]
[Round "?"]
[White "Metral, Jean Paul"]
[Black "Sharif, Mershad"]
[Result "0-1"]
[WhiteElo "2295"]
[BlackElo "2420"]
[PlyCount "74"]
[EventDate "1993.??.??"]
[EventType "team"]
[EventRounds "11"]
[EventCountry "FRA"]
[SourceTitle "TD"]
[Source "ChessBase"]
[SourceDate "1994.03.01"]
[SourceVersion "1"]
[SourceVersionDate "1994.03.01"]
[SourceQuality "1"]

1. e4 e5 2. Nf3 Nc6 3. Bc4 Bc5 4. d3 Nf6 5. c3 a6 6. a4 0-0 7. 0-0 d6 8. Re1 h6 9. Nbd2 Be6 10. Nf1 Ng4 11. Be3 Nxe3 12. Nxe3 Bxc4 13. dxc4 a5 14. g3 Ne7 15. Nh4 g6 16. Qf3 Kg7 17. Nd5 Nxd5 18. cxd5 Qg5 19. Re2 f5 20. exf5 gxf5 21. Ng2 h5 22. Kh1 Qg4 23. Qd3 Rf7 24. f3 Qh3 25. Qd2 f4 26. Nh4 Rg8 27. b4 axb4 28. cxb4 Bd4 29. Rc1 Kf8 30. Re4 Rxg3 31. Rxd4 exd4 32. Ng2 Rg5 33. b5 Qxf3 34. b6 Rxd5 35. h4 c5 36. a5 Re5 37. Qc2 Qh3+ 0-1

[Event "Paris-ch op"]
[Site "Paris"]
[Date "1993.??.??"]
[Round "9"]
[White "Shabtai, Ran"]
[Black "Metral, Jean Paul"]
[Result "1-0"]
[WhiteElo "2370"]
[BlackElo "2295"]
[PlyCount "77"]
[EventDate "1993.04.??"]
[EventType "swiss"]
[EventRounds "9"]
[EventCountry "FRA"]
[SourceTitle "EXT 1998"]
[Source "ChessBase"]
[SourceDate "1997.11.17"]
[SourceVersion "1"]
[SourceVersionDate "1997.11.17"]
[SourceQuality "1"]

1. d4 Nf6 2. c4 c5 3. Nf3 g6 4. g3 b6 5. d5 Bg7 6. Bg2 Bb7 7. Nc3 d6 8. 0-0 0-0 9. Re1 Nbd7 10. h3 a6 11. a4 Ne8 12. Qc2 Nc7 13. Bf4 b5 14. e4 bxc4 15. Bf1 a5 16. Bxc4 Ba6 17. Ba2 Rb8 18. e5 Rb6 19. Rad1 Bc8 20. e6 Nb8 21. exf7+ Rxf7 22. Ng5 Rf8 23. Qe2 Re8 24. Bb1 Bf6 25. Nxh7 Kg7 26. Nxf6 exf6 27. Qd2 Bxh3 28. Rxe8 Nxe8 29. f3 Bc8 30. Qh2 f5 31. Re1 Nf6 32. g4 Ng8 33. gxf5 gxf5 34. Re2 Qf6 35. Rg2+ Kf8 36. Qh7 Qf7 37. Bh6+ Nxh6 38. Qxh6+ Ke8 39. Qh8+ 1-0

[Event "Paris-ch op"]
[Site "Paris"]
[Date "1993.??.??"]
[Round "3"]
[White "Tagnon, Nicole"]
[Black "Metral, Jean Paul"]
[Result "0-1"]
[WhiteElo "2075"]
[BlackElo "2295"]
[PlyCount "92"]
[EventDate "1993.04.??"]
[EventType "swiss"]
[EventRounds "9"]
[EventCountry "FRA"]
[SourceTitle "EXT 1998"]
[Source "ChessBase"]
[SourceDate "1997.11.17"]
[SourceVersion "1"]
[SourceVersionDate "1997.11.17"]
[SourceQuality "1"]

1. e4 e6 2. d4 d5 3. Nd2 Nf6 4. e5 Nfd7 5. f4 c5 6. c3 Nc6 7. Ndf3 Qb6 8. g3 cxd4 9. cxd4 Bb4+ 10. Kf2 f6 11. Kg2 0-0 12. h4 Kh8 13. Rh2 a5 14. Kh1 a4 15. a3 Be7 16. Bh3 Na5 17. Qxa4 Nb3 18. Qxa8 Nxa1 19. Qa4 Nb3 20. Bd2 fxe5 21. fxe5 Nxd2 22. Rxd2 Nb8 23. Qd1 Bd7 24. Bg2 Nc6 25. Nh3 Be8 26. Nf4 Nd8 27. Qc2 Bf7 28. Ng5 Bg8 29. Bh3 g6 30. Qd3 Kg7 31. Rc2 Re8 32. b4 Bxg5 33. hxg5 Nf7 34. Qd2 h6 35. gxh6+ Nxh6 36. Rc5 Bf7 37. Qc2 Rh8 38. Kg2 g5 39. Nxd5 exd5 40. e6 Bxe6 41. Bxe6 Qxe6 42. Rc7+ Nf7 43. Rxb7 Qh3+ 44. Kf3 Qh1+ 45. Qg2 Qd1+ 46. Qe2 g4+ 0-1

[Event "Paris-ch op"]
[Site "Paris"]
[Date "1992.??.??"]
[Round "2"]
[White "Metral, Jean Paul"]
[Black "Salaun, Yann"]
[Result "0-1"]
[WhiteElo "2310"]
[BlackElo "2225"]
[PlyCount "82"]
[EventDate "1992.04.??"]
[EventType "swiss"]
[EventRounds "9"]
[EventCountry "FRA"]
[SourceTitle "EXT 1997"]
[Source "ChessBase"]
[SourceDate "1996.11.15"]
[SourceVersion "1"]
[SourceVersionDate "1996.11.15"]
[SourceQuality "1"]

1. e4 c5 2. Nf3 e6 3. d4 cxd4 4. Nxd4 Nc6 5. Nc3 d6 6. Be3 Nf6 7. f4 e5 8. Nxc6 bxc6 9. Be2 exf4 10. Bxf4 Be7 11. e5 dxe5 12. Qxd8+ Bxd8 13. Bxe5 0-0 14. 0-0-0 Ng4 15. Bd4 Be6 16. Bf3 Bg5+ 17. Kb1 Rfc8 18. Rde1 Nf6 19. h4 Bd2 20. Re2 Bf4 21. g4 Nd7 22. Nd1 Rab8 23. Nf2 c5 24. Bc3 Nb6 25. b3 c4 26. Be5 Bxe5 27. Rxe5 cxb3 28. axb3 Nc4 29. Re2 Na3+ 30. Kb2 Nxc2 31. Rxc2 Rxb3+ 32. Kc1 Rxc2+ 33. Kxc2 Rxf3 34. Rh2 a5 35. g5 a4 36. Nd1 Bb3+ 37. Kd2 a3 38. Nc3 a2 39. Rh1 Rh3 40. Re1 Be6 41. Nxa2 Rh2+ 0-1

[Event "Issy Meudon schev"]
[Site "Issy Meudon"]
[Date "1991.??.??"]
[Round "3"]
[White "Antonoff, Georges"]
[Black "Metral, Jean Paul"]
[Result "1/2-1/2"]
[WhiteElo "2090"]
[BlackElo "2330"]
[PlyCount "61"]
[EventDate "1991.??.??"]
[EventType "schev"]
[EventRounds "5"]
[EventCountry "FRA"]
[SourceTitle "EXT 2004"]
[Source "ChessBase"]
[SourceDate "2003.11.25"]
[SourceVersion "1"]
[SourceVersionDate "2003.11.25"]
[SourceQuality "1"]

1. c4 Nf6 2. Nc3 g6 3. Nf3 Bg7 4. e4 d6 5. d4 0-0 6. Be2 e5 7. 0-0 Nc6 8. d5 Ne7 9. Ne1 Ne8 10. Nd3 f5 11. f4 exf4 12. Nxf4 Bxc3 13. bxc3 fxe4 14. Qd4 Nf6 15. Ne6 Bxe6 16. Rxf6 Nf5 17. Rxf8+ Qxf8 18. Qxe4 Bd7 19. Bd2 Re8 20. Qf3 Qe7 21. Bd3 Nh4 22. Qg3 Nf5 23. Qf2 b6 24. Re1 Qf7 25. Rf1 Rf8 26. Bg5 Qg7 27. Qd2 h5 28. Re1 Rf7 29. Bxf5 Rxf5 30. Re7 Qf8 31. h3 1/2-1/2

[Event "Paris-ch op"]
[Site "Paris"]
[Date "1991.??.??"]
[Round "7"]
[White "Metral, Jean Paul"]
[Black "Pira, Davoud"]
[Result "0-1"]
[WhiteElo "2150"]
[BlackElo "2345"]
[PlyCount "40"]
[EventDate "1991.05.??"]
[EventType "swiss"]
[EventRounds "9"]
[EventCountry "FRA"]
[SourceTitle "TD"]
[Source "ChessBase"]
[SourceDate "1994.03.01"]
[SourceVersion "1"]
[SourceVersionDate "1994.03.01"]
[SourceQuality "1"]

1. e4 c5 2. c3 d5 3. exd5 Qxd5 4. Na3 Nc6 5. Nf3 Bg4 6. Be2 e5 7. Nb5 0-0-0 8. Nxa7+ Nxa7 9. Qa4 e4 10. d3 exf3 11. Qxg4+ f5 12. Qxf3 Qxf3 13. gxf3 Nf6 14. 0-0 Bd6 15. b4 cxb4 16. Be3 Nc6 17. cxb4 Bxb4 18. Rfc1 Nd5 19. Rab1 Nc3 20. Rb2 Ba3 0-1

[Event "Paris-ch op"]
[Site "Paris"]
[Date "1991.??.??"]
[Round "1"]
[White "San Marco, Bruno"]
[Black "Metral, Jean Paul"]
[Result "1-0"]
[WhiteElo "2265"]
[BlackElo "2150"]
[PlyCount "109"]
[EventDate "1991.05.??"]
[EventType "swiss"]
[EventRounds "9"]
[EventCountry "FRA"]
[SourceTitle "TD"]
[Source "ChessBase"]
[SourceDate "1994.03.01"]
[SourceVersion "1"]
[SourceVersionDate "1994.03.01"]
[SourceQuality "1"]

1. c4 e6 2. d4 Nf6 3. Nf3 d5 4. cxd5 exd5 5. Bg5 Bb4+ 6. Nc3 0-0 7. Qb3 Nc6 8. e3 Be6 9. Bd3 h6 10. Bxf6 Qxf6 11. a3 Bxc3+ 12. Qxc3 Bf5 13. Bxf5 Qxf5 14. b4 a6 15. 0-0 Qd7 16. Rac1 f6 17. Rc2 Rf7 18. Rfc1 Rc8 19. Ne1 Na7 20. Qb3 c6 21. a4 Re8 22. Nd3 Rd8 23. Nc5 Qe8 24. Rb1 Re7 25. Qd3 Ra8 26. h3 g6 27. h4 Kg7 28. Qe2 f5 29. Qf3 Qf7 30. g3 Nc8 31. Qf4 Qf6 32. b5 axb5 33. axb5 g5 34. hxg5 hxg5 35. Qf3 Nd6 36. bxc6 bxc6 37. Rcc1 Nc4 38. Rb7 Rxb7 39. Nxb7 Nd2 40. Qe2 Ne4 41. Qc2 Rc8 42. Nc5 Nd6 43. Ra1 Qe7 44. Qa4 Kg6 45. Qa7 Rc7 46. Qb8 Rc8 47. Ra7 Qf6 48. Qb4 Nb5 49. Nd7 Qe6 50. Ne5+ Kh6 51. Re7 Qf6 52. Rf7 Qe6 53. g4 Nd6 54. gxf5 Qxf7 55. Qxd6+ 1-0